Statistiken für Torschützenkönige in der Geschichte des AC Florenz

Klicken Sie hier um das Quiz zu spielen!

Allgemein

  • Dieses Quiz wurde 5 mal gespielt
  • Das Durchschnittsergebnis liegt bei 1 aus 10

Antwortstatistiken

ToreNationalitätSpieler% Korrekt
203ArgentinienGabriel Batistuta
80%
69RumänienAdrian Mutu
60%
61ItalienAlberto Galassi
0%
63ItalienAlberto Gilardino
0%
59ItalienChristian Riganó
0%
58ItalienClaudio Desolati
0%
72ItalienGiancarlo Antognoni
0%
59ItalienGiuseppe Virgili
0%
203SchwedenKurt Hamrin
0%
77Argentinien / ItalienMiguel Montuori
0%

Verteilung der Resultate

Perzentil nach korrekt beantworteten Fragen

Anzahl Personen mit jedem Resultat

Ihre Resultats-Entwicklung

Sie haben dieses Quiz noch nicht gespielt